000 00451nam a2200181Ia 4500
001 4460
005 20260306145757.0
008 260306t2005||||xx |||||||||||||| ||spa||
041 _aESP
082 _a323
_bI59A
100 _aInstituto Interamericano de Derechos Humanos
_eAUT
245 0 _aMonitoreo de los derechos humanos
260 _c2005
300 _a224 páginas :
_c25 cm.
650 _aGEN
654 _aCHU
942 _cLIB
_dJUS
_fJUS
_2ddc
_n
999 _c4460
_d4460